| 000 | 00392nam a22001697a 4500 | ||
|---|---|---|---|
| 005 | 20180606144128.0 | ||
| 008 | 160512b xxu||||| |||| 00| 0 eng d | ||
| 020 | _a0-07-062045-8 | ||
| 041 | _aeng | ||
| 082 |
_b1498 _a657 |
||
| 100 |
_aTulsian, P.C. _94340 |
||
| 245 | _aFinancial Accounting | ||
| 260 |
_aNew Delhi _bTMH _c2003 |
||
| 300 | _a16.4 | ||
| 650 |
_aManagement _9241 |
||
| 942 | _cBK | ||
| 999 |
_c617 _d617 |
||